Sobolev Spaces

Αποθηκεύτηκε σε:
Λεπτομέρειες βιβλιογραφικής εγγραφής
Κύριος συγγραφέας: Adams, R. A. (Robert Alexander), 1940-
Μορφή: Βιβλίο
Γλώσσα:English
Δημοσίευση: New York : Academic Press, c1978
Σειρά:Monographs and textbooks in pure and applied mathematics ; ; 65
Θέματα:
Ετικέτες: Προσθήκη ετικέτας
Δεν υπάρχουν, Καταχωρήστε ετικέτα πρώτοι!

MARC

LEADER 00000cam a2200000 i 4500
001 1/59453
008 941103s1978 eng d
020 |a 0120441500 
035 |a 1993  |l 10046083 
040 |a GR-MY-UA  |b gre  |e aacr 
041 0 |a eng 
082 0 |a 515.7 
100 1 |a Adams, R. A.   |q (Robert Alexander),   |d 1940- 
245 1 0 |a Sobolev Spaces /  |c Robert A. Adams 
260 |a New York :   |b Academic Press,   |c c1978 
300 |a xviii, 268 p.;  |b ill.;  |c 24 cm. 
490 1 |a Pure and applied mathematics, a series of monographs and textbooks  |v ; 65 
500 |a Bibliography: p. 260-263 
500 |a Includes index 
650 0 0 |a Sobolev spaces. 
830 0 |a Monographs and textbooks in pure and applied mathematics ;  |v ; 65 
852 |a INST  |b SAMOS  |e 19941103  |h 515.7 ADA  |p 005300007127  |q 005300007127  |t BK  |y 0 
909 |a Σ  |b 030678